000 00773nam a2200289 i 4500
003 DO-SdBNP
005 20250812140808.0
007 ta
008 250812b2025 dr ac||| |||| 00| 0 eng d
020 _a9789945656435
040 _aDO-SdBNP
_bspa
_cBNPHU
_erda
041 _asp
082 4 _a0
_bD249a
_222
100 1 _aDavid, León
_eautor
_4aut.
_987539
245 1 0 _aAntología poética /
_cLeón David
250 _aPrimera edición
264 4 _aSanto Domíngo :
_bSantuario,
_c2025
300 _a268 páginas ;
_c24 cm.
336 _atexto
_btxt
_2rdacontent
337 _asin mediación
_bn
_2rdamedia
338 _avolumen
_bnc
_2rdacarrier
590 _aInventariado, 2025 /DG
700 _965358
700 _987540
910 _aDG
942 _2ddc
_cLBS1
999 _c59777
_d59777